Loading...
| Fine Arts - Painting and Sculpture | 0 | 6 | 0 | 0 | 60 | 6 | 89.67 | 1 | 4 | 0.00 | 0.00 |
| History - Other | 0 | 5 | 0 | 2 | 50 | 36 | 78.80 | 1 | 4 | 0.00 | 0.00 |
| History - European | 0 | 5 | 1 | 2 | 45 | 23 | 67.40 | 0 | 3 | 0.00 | 0.00 |
| Mythology | 0 | 4 | 0 | 1 | 40 | 66 | 73.00 | 1 | 2 | 0.00 | 0.00 |
| Philosophy | 0 | 3 | 0 | 0 | 30 | 25 | 55.00 | 1 | 3 | 0.00 | 0.00 |
| Fine Arts - Other | 0 | 3 | 0 | 2 | 30 | 18 | 76.67 | 1 | 1 | 0.00 | 0.00 |
| Fine Arts - Classical Music | 0 | 3 | 0 | 0 | 30 | 91 | 100.67 | 0 | 2 | 0.00 | 0.00 |
| Literature - British | 0 | 3 | 0 | 0 | 30 | 17 | 67.00 | 2 | 2 | 0.00 | 0.00 |
| Religion | 0 | 2 | 0 | 1 | 20 | 68 | 102.50 | 0 | 0 | 0.00 | 0.00 |
| Popular Culture | 0 | 2 | 0 | 1 | 20 | 86 | 98.00 | 0 | 0 | 0.00 | 0.00 |
| Literature - European | 0 | 2 | 0 | 0 | 20 | 86 | 88.50 | 0 | 2 | 0.00 | 0.00 |
| Current Events | 0 | 2 | 0 | 1 | 20 | 62 | 85.50 | 0 | 0 | 0.00 | 0.00 |
| History - World | 0 | 2 | 0 | 0 | 20 | 58 | 75.50 | 0 | 1 | 0.00 | 0.00 |
| Science - Physics | 0 | 2 | 1 | 1 | 15 | 102 | 103.00 | 0 | 2 | 0.00 | 0.00 |
| Literature - American | 0 | 2 | 1 | 0 | 15 | 105 | 116.50 | 0 | 0 | 0.00 | 0.00 |
| Science - Chemistry | 0 | 1 | 0 | 1 | 10 | 96 | 96.00 | 0 | 0 | 0.00 | 0.00 |
| History - American | 0 | 1 | 1 | 0 | 5 | 75 | 75.00 | 0 | 1 | 0.00 | 0.00 |